000 01731cam a22003494a 4500
001 14226373
005 20070526170741.0
008 060111s2006 enk b 001 0 eng
010 _a 2006000904
020 _a0199267928 (alk. paper)
020 _a9780199267927 (alk. paper)
040 _aDLC
_cDLC
_dDLC
042 _apcc
043 _ae------
050 0 0 _aJN30
_b.O75 2006
082 0 0 _a341.2422
_222
_bORI
245 0 0 _aOrigins and evolution of the European Union /
_cEdited by Desmond Dinan.
260 _aOxford [England] :
_bOxford University Press,
_cc2006.
300 _axviii, 362 p. ;
_c25 cm.
490 4 _aThe new European Union series
504 _aIncludes bibliographical references and index.
610 2 0 _aEuropean Union
_xHistory.
_98181
650 0 _aEuropean federation
_xHistory.
_98182
651 0 _aEurope
_xEconomic integration
_xHistory.
_98183
700 1 _aDinan, Desmond,
_d1957-
_98184
856 4 1 _3Table of contents only
_uhttp://www.loc.gov/catdir/toc/ecip066/2006000904.html
856 4 2 _3Publisher description
_uhttp://www.loc.gov/catdir/enhancements/fy0636/2006000904-d.html
856 4 2 _3Contributor biographical information
_uhttp://www.loc.gov/catdir/enhancements/fy0723/2006000904-b.html
942 _2ddc
_cBB
999 _c12444
_d12444